00958nam a2200217 a 450000100100000000500170001000800410002702000150006804000250008308200080010810000250011624000750014124501370021626000600035330000320041370000250044570000320047095201080050295201130061099900170072300003980120201002033737.0130722s1994 xxud 000 0 spa d a0201601206 aDO-SdBNPbspacBNPHU axxx1 aBatini, Carlo96599610aConceptual database design: An entity-relationship approachlespañol10aDiseño conceptual de bases de datos :bUn enfoque de entidades-interrelaciones /cCarlo Batini, Stefano Ceri, Shamkant B. Navathe. aEstados Unidos :bAddison-Wesley Iberoamericana,c1994. a546 p. :bdiagrs. ;c24 cm.1 aCeri, Stefano9659971 aNavathe, Shamkant B.947464 001050718MOaGRbGRcCTd2013-07-22iLF1l0oxxx p39801-10r2020-06-25w2020-06-25y1ZNo se presta 001050718MOaGRbGRcCTd2013-07-22iLF1l0oxxx p39801-20r2020-06-25te.2w2020-06-25y1ZNo se presta c39291d39291